| 000 | 00650nam a22001695i 4500 | ||
|---|---|---|---|
| 001 | 153217 | ||
| 003 | ES-MaACL | ||
| 005 | 20230906205058.0 | ||
| 008 | 040826s1883 sp |||| | spa d | ||
| 040 |
_aCAM _bspa _cCAM |
||
| 110 | 2 |
_aCompañía Pizarrera de Villar del Rey (Badajoz) _9134290 |
|
| 245 | 1 | 0 |
_aCompañía Pizarrera de Villar del Rey... _b: tarifas. |
| 260 |
_aMadrid : _b[s.n.], _c1883 ( _fEstablecimiento tipográfico de Alvarez hermanos) |
||
| 300 |
_a[8] p. ; _c21 cm. |
||
| 650 | 0 | 4 |
_aPizarras- _xCanteras- _zBadajoz. _9136702 |
| 852 |
_aES-MaACL _jT-902-F-9 _z-- Enc. hol., conservando la cub. original _z-- Enc. en un vol. facticio |
||
| 999 |
_c153217 _d153217 |
||